| 000 | 00810nam a22002417a 4500 | ||
|---|---|---|---|
| 999 |
_c15688 _d15688 |
||
| 003 | MIRAKIL | ||
| 005 | 20240320154902.0 | ||
| 008 | 240320b tu ||||| |||| 00| 0 tur d | ||
| 020 | _a9789751620446 | ||
| 040 |
_aTR-AnCHP _cTR-AnCHP |
||
| 041 | _atur | ||
| 082 |
_a924 _bC34t 2008 |
||
| 100 | _aCelepoğlu, Ayşegül | ||
| 245 | 1 | 0 |
_aTürk Dil Kurumu'nun kurucu başkanı Samih Rifat : _bhayatı ve eserleri / _cAyşegül Celepoğlu. |
| 260 |
_aAnkara : _bTürk Dil Kurumu Yayınları, _c2008. |
||
| 300 |
_a343 s. ; _c24 cm. |
||
| 490 | 0 |
_aTürk Dil Kurumu Yayınları ; _v933. |
|
| 504 | _aKaynakça: 327-331. ss. | ||
| 600 | 0 |
_97809 _aRifat, Samih |
|
| 650 | 0 |
_95238 _aEğitimciler |
|
| 856 | _zDijital Nüshası için Partimizin Kütüphane Sorumlusu ile iletişime geçiniz. | ||
| 942 |
_2ddc _cBKS |
||